| 000 | 01030cam a2200277 a 4500 | ||
|---|---|---|---|
| 001 | 1200979 | ||
| 003 | ARRUPE | ||
| 005 | 20130919165309.0 | ||
| 008 | 981113s1999 wiu b 000 0 eng | ||
| 010 | _a 98051555 | ||
| 020 | _a1580510558 | ||
| 040 |
_aDLC _cDLC _dDLC |
||
| 050 | 0 | 0 |
_aBX1912 _b.P77 1999 |
| 082 | 0 | 0 |
_a262/.142 _221 |
| 245 | 0 | 0 |
_aPriesthood in the modern world : _ba reader / _cintroduction by Philip J. Murnion ; edited by Karen Sue Smith. |
| 260 |
_aFranklin, Wis. : _bSheed & Ward, _c1999. |
||
| 300 |
_aix, 120 p. ; _c23 cm. |
||
| 500 | _a"A church book." | ||
| 610 | 2 | 0 |
_aCatholic Church _xClergy. _9763 |
| 650 | 0 |
_aClergy _xOffice. _9764 |
|
| 700 | 1 |
_aSmith, Karen Sue. _9765 |
|
| 856 | 4 | 2 |
_3Contributor biographical information _uhttp://www.loc.gov/catdir/enhancements/fy1115/98051555-b.html |
| 906 |
_a7 _bcbc _corignew _d1 _eocip _f19 _gy-gencatlg |
||
| 942 |
_2lcc _cMONOGRAPH |
||
| 999 |
_c117926 _d117926 |
||